书目信息 |
| 题名: |
母婴护理员
|
|
| 作者: | 刘黎美 , 郭宏翠 , 王志林 主编 | |
| 分册: | ||
| 出版信息: | 北京 中国农业科学技术出版社 2020 |
|
| 页数: | 110页 | |
| 开本: | 21cm | |
| 丛书名: | ||
| 单 册: | ||
| 中图分类: | R714.61 , R174 | |
| 科图分类: | ||
| 主题词: | 产褥期--护理 , 新生儿--护理 | |
| 电子资源: | ||
| ISBN: | 978-7-5116-4931-7 | |
| 000 | 01060nam0 2200289 450 | |
| 001 | 2374077003 | |
| 005 | 20231108203516.56 | |
| 010 | @a978-7-5116-4931-7@dCNY20.00 | |
| 100 | @a20210128d2020 em y0chiy50 ea | |
| 101 | 0 | @achi |
| 102 | @aCN@b110000 | |
| 105 | @ay z 000yy | |
| 200 | 1 | @a母婴护理员@9mu ying hu li yuan@e月嫂@f郭宏翠,王志林,刘黎美主编 |
| 210 | @a北京@c中国农业科学技术出版社@d2020 | |
| 215 | @a110页@d21cm | |
| 300 | @a乡村振兴之职业技能提升系列培训教材 | |
| 330 | @a本书内容包括母婴护理员的概述、新生儿日常护理、新生儿疾病与意外伤害的预防和护理、产妇日常生活护理、产后疾病预防与护理、产褥期的卫生保健、特殊产妇护理等内容,详细介绍了月嫂各项工作的操作步骤、技巧以及应该注意的细节,为月子护理提供了切实的工作指南。 | |
| 517 | 1 | @a月嫂@9yue sao |
| 606 | 0 | @a产褥期@x护理 |
| 606 | 0 | @a新生儿@x护理 |
| 690 | @aR714.61@v5 | |
| 690 | @aR174@v5 | |
| 701 | 0 | @a刘黎美@9liu li mei@4主编 |
| 701 | 0 | @a郭宏翠@9guo hong cui@4主编 |
| 701 | 0 | @a王志林@9wang zhi lin@4主编 |
| 801 | 0 | @aCN@b91MARC@c20210211 |
| 905 | @aBZT@dR174@e92 | |
| 母婴护理员:月嫂/郭宏翠,王志林,刘黎美主编.-北京:中国农业科学技术出版社,2020 |
| 110页;21cm |
| 乡村振兴之职业技能提升系列培训教材 |
| ISBN 978-7-5116-4931-7:CNY20.00 |
| 本书内容包括母婴护理员的概述、新生儿日常护理、新生儿疾病与意外伤害的预防和护理、产妇日常生活护理、产后疾病预防与护理、产褥期的卫生保健、特殊产妇护理等内容,详细介绍了月嫂各项工作的操作步骤、技巧以及应该注意的细节,为月子护理提供了切实的工作指南。 |
| ● |
| 相关链接 |
|
|
|
正题名:母婴护理员
索取号:R174/92
 
预约/预借
| 序号 | 登录号 | 条形码 | 馆藏地/架位号 | 状态 | 备注 |
| 1 | 2000979770 | 2000979770 | 中教第一批/山东中教(第一批)/229/ [索取号:R174/92] | 在馆 | |
| 2 | 2000979771 | 2000979771 | 中教第一批/山东中教(第一批)/229/ [索取号:R174/92] | 在馆 | |
| 3 | 2000979772 | 2000979772 | 中教第一批/山东中教(第一批)/229/ [索取号:R174/92] | 在馆 | |
| 4 | 2000979773 | 2000979773 | 中教第一批/山东中教(第一批)/229/ [索取号:R174/92] | 在馆 | |
| 5 | 2000979774 | 2000979774 | 中教第一批/山东中教(第一批)/229/ [索取号:R174/92] | 在馆 | |
| 6 | 2000979775 | 2000979775 | 中教第一批/山东中教(第一批)/229/ [索取号:R174/92] | 在馆 |